[Event "21st Open"]
[Site "Goch GER"]
[Date "2010.10.02"]
[Round "4.3"]
[White "Zozulia,A"]
[Black "Podzielny,KH"]
[Result "0-1"]
[WhiteElo "2343"]
[BlackElo "2446"]

1.e4 c5 2.Nf3 e6 3.d4 cxd4 4.Nxd4 a6 5.Nc3 Qc7 6.Bd3 Nf6 7.O-O d6 8.f4 Nbd7
9.Kh1 b5 10.a3 Bb7 11.Qf3 Be7 12.Bd2 h5 13.Rae1 Ng4 14.Qg3 Qb6 15.Nf3 g6
16.Nd1 Rc8 17.Bc3 Ndf6 18.Bd4 Qc7 19.Nf2 Nxf2+ 20.Rxf2 d5 21.Ng5 h4 22.Qh3 Qd7
23.c3 dxe4 24.Nxe4 Bxe4 25.Bxe4 Nxe4 26.Rxe4 Rh5 27.Rfe2 Rf5 28.Qg4 Qd5 29.h3 Qb3
30.Bf2 Rc4 31.Rxc4 Qxc4 32.Be3 Bd6 33.Rf2 Qe4 34.Qf3 Qxf3 35.Rxf3 Kd7 36.Kg1 Kc6
37.Kf2 Kd5 38.Ke2 Ke4 39.Bf2 Bxf4 40.Bxh4 Bc1 41.Rxf5 exf5 42.b4 f4 43.Bf6 Be3
44.Bd8 f5 45.Bf6 Bc1 46.Bd4 Bxa3 47.Bf6 Bc1 48.Be7 Be3 49.Bd8 Bg1 50.Bf6 Bb6
51.Be7 Bc7 52.h4 Be5 53.Kd2 Bg7 54.Bd8 f3 55.gxf3+ Kxf3 56.Kd3 f4 57.c4 bxc4+
58.Kxc4 Ke2  0-1

[Event "39th Olympiad Women"]
[Site "Khanty-Mansiysk RUS"]
[Date "2010.10.03"]
[Round "11"]
[White "Hakimifard,G"]
[Black "Romero Echeverria,A"]
[Result "1-0"]
[WhiteElo "2173"]
[BlackElo "2058"]

1.e4 c5 2.Nf3 e6 3.d4 cxd4 4.Nxd4 a6 5.Nc3 b5 6.Bd3 Qb6 7.Nf3 Bc5 8.O-O Nc6
9.e5 Bb7 10.Ne4 Nge7 11.Be3 Bxe3 12.Nd6+ Kf8 13.fxe3 Nd5 14.Qe2 f6 15.exf6 gxf6
16.Nxb7 Qxb7 17.Be4 Ke7 18.Bxd5 exd5 19.Nd4 Raf8 20.Rad1 Kd8 21.Nf5 Ne5 22.Qd2 Rhg8
23.Qa5+ Qc7 24.Qxa6 Rg4 25.Qa8+ Qc8 26.Qxc8+ Kxc8 27.Rxd5 b4 28.h3 Rg5 29.Rb5 Kc7
30.Rxb4 Rfg8 31.Nh4 Rg3 32.Kf2 R3g7 33.Rd1  1-0

[Event "Karen Asrian Memorial"]
[Site "Jermuk ARM"]
[Date "2010.10.05"]
[Round "1"]
[White "Pluzyan,A"]
[Black "Hayrapetian,O"]
[Result "1/2-1/2"]
[WhiteElo "2089"]
[BlackElo "2353"]

1.e4 c5 2.Nf3 e6 3.d4 cxd4 4.Nxd4 a6 5.Nc3 Qc7 6.Be2 Nf6 7.O-O Nc6 8.Kh1 b5
9.f4 b4 10.e5 bxc3 11.exf6 gxf6 12.bxc3 Na5 13.Rb1 f5 14.Bf3 Rb8 15.Rxb8 Qxb8
16.Nxf5 Rg8 17.Ng3 Bb7 18.f5 Rxg3 19.fxe6 dxe6 20.hxg3 Qxg3 21.Bf4 Qh4+ 22.Bh2 Nc6
23.Qe1 Qc4 24.Qf2 e5 25.Bxc6+ Bxc6 26.Bxe5 Bc5 27.Bd4 Bd6 28.Re1+ Kd7 29.Be5 Bc5
30.Qf5+ Qe6 31.Rd1+ Ke8 32.Qxe6+ fxe6 33.Bd4 Bd6 34.Rb1 Bb5 35.a4 Bxa4 36.Rb6 Kd7
37.Rxa6 Bxc2 38.Ra5 Bc7 39.Rg5 Bf5 40.Kg1 Kc6 41.g4 Bg6 42.Kf2 e5 43.Bxe5 Bd8
44.Rxg6+ hxg6 45.Ke3 Kd5 46.Kf4 Bh4 47.Bd4 Bd8 48.Ke3 Kc4 49.Ke4 Bc7 50.Be5 Bd8
51.Bg7 Bc7 52.Bf6 Bd6 53.g5 Ba3 54.Ke5 Kxc3 55.Ke6+  1/2-1/2

[Event "Karen Asrian Memorial"]
[Site "Jermuk ARM"]
[Date "2010.10.05"]
[Round "1"]
[White "Aghabekian,L"]
[Black "Simonian,H"]
[Result "1/2-1/2"]
[WhiteElo "2146"]
[BlackElo "2473"]

1.e4 c5 2.Nf3 e6 3.d4 cxd4 4.Nxd4 a6 5.Nc3 b5 6.Bd3 Bc5 7.Nb3 Be7 8.O-O Bb7
9.Re1 d6 10.a4 b4 11.Na2 Nc6 12.Bd2 a5 13.c3 bxc3 14.Nxc3 Nf6 15.Rc1 O-O
16.Nb5 Nd7 17.Bb1 Nb6 18.N3d4 Nxd4 19.Nxd4 Qd7 20.b3 Rfc8 21.Rxc8+ Qxc8 22.Qh5 Qc5
23.Qxc5 dxc5 24.Nb5 Bc6 25.Rc1 Bxb5 26.axb5 a4 27.bxa4 Rxa4 28.Be3 Nc4 29.Bd3 Nxe3
30.fxe3 Ra3 31.Bc4 Bg5 32.Rb1 Bxe3+ 33.Kf1 Bd4 34.b6 Ra1 35.Rxa1 Bxa1 36.Ke2 Be5
37.h3 Kf8 38.Kf3 Ke7 39.Bb3 Bb8 40.Ba4 Kd6 41.Be8 f6 42.Bb5 h5 43.Be8 h4
44.Bb5 Ke5 45.Ke3 Bd6 46.Bc4 g6 47.Bb5 f5 48.exf5 gxf5 49.Bd7 c4 50.b7 Bb8
51.Kd2 Kd6 52.Bc8 Kd5 53.Kc3 e5 54.Bxf5 e4 55.Bg6 Be5+ 56.Kc2 Kd4 57.Bf5 Bg3
58.Be6 Bf4 59.Bf5 Bd6 60.Be6 Bb8 61.Bf5 Bc7 62.Be6 Bg3 63.Bf7 Be5 64.Be6 c3
65.Bf5 Bb8 66.Bg6 Bf4 67.Bf5 Be5 68.Bg6 Bb8 69.Bh5 Bc7 70.Bg6 Be5 71.Bf5 e3
72.Bg4 Kc4 73.Be2+ Kb4 74.Bf3  1/2-1/2

[Event "Karen Asrian Memorial"]
[Site "Jermuk ARM"]
[Date "2010.10.07"]
[Round "3"]
[White "Petrosian,DG"]
[Black "Vardanian,HaiG"]
[Result "1/2-1/2"]
[WhiteElo "2487"]
[BlackElo "2320"]

1.e4 c5 2.Nf3 e6 3.d4 cxd4 4.Nxd4 a6 5.Nc3 Qc7 6.Qg4 Nc6 7.Nxc6 bxc6 8.Qg3 Qxg3
9.hxg3 d5 10.Na4 Bb7 11.Nb6 Rd8 12.Bf4 Nf6 13.Bc7 Nxe4 14.Bd3 Nf6 15.c4 d4
16.c5 Bxc5 17.Bxd8 Kxd8 18.Nc4 Be7 19.Ne5 Rf8 20.Be2 h6 21.Bf3 Nd5 22.Rc1 Kc7
23.Bxd5 exd5 24.Nd3 a5 25.Nc5 Bc8 26.Nb3 d3 27.Kd2 Kb6 28.Kxd3 c5 29.Ke2 a4
30.Nd2 Bf6  1/2-1/2

[Event "TCh-SWE Elitserien 2010-11"]
[Site "Sweden SWE"]
[Date "2010.10.08"]
[Round "1"]
[White "Sandberg,R"]
[Black "Holst,C"]
[Result "0-1"]
[WhiteElo "2172"]
[BlackElo "2165"]

1.e4 c5 2.Nf3 e6 3.d4 cxd4 4.Nxd4 a6 5.Nc3 Qc7 6.Bd3 Bc5 7.Nb3 Be7 8.Qg4 g6
9.O-O d6 10.f4 Nf6 11.Qe2 Nbd7 12.Bd2 b5 13.Rae1 b4 14.Nd1 Bb7 15.Kh1 a5
16.e5 Nd5 17.Nd4 dxe5 18.fxe5 O-O 19.Bh6 Bh4 20.Bxf8 Rxf8 21.Qg4 Bxe1 22.Rxe1 Nxe5
23.Qg3 Nxd3 24.Qxc7 Nxc7 25.cxd3 Rd8 26.Nb3 a4 27.Nc5 Bc6 28.Ne3 Nd5 29.Nc2 b3
30.axb3 axb3 31.Nd4 Ba8 32.Ne2 Nb4 33.Nc1 Nc2 34.Rd1 Bxg2+ 35.Kg1 Bd5 36.N1xb3 Bxb3
37.Nxb3 Rb8 38.Nc5 Rxb2 39.Rd2 Rb1+ 40.Kf2 Nd4 41.Ra2 Kg7 42.Nd7 Rb5 43.Ke3 Nf5+
44.Ke2 g5 45.h3 h5 46.Rd2 g4 47.hxg4 hxg4 48.Kf2 Kg6 49.d4 Kg5 50.Nc5 e5
51.Ne4+ Kf4 52.Nc3 g3+ 53.Ke1 Rb3 54.Rd3 Nxd4 55.Ne2+ Nxe2 56.Rxb3 g2 57.Rb4+ e4
58.Kxe2 g1=Q  0-1

[Event "Continental Class Ch"]
[Site "Arlington USA"]
[Date "2010.10.09"]
[Round "4"]
[White "Kudrin,S"]
[Black "Williams,Justus D"]
[Result "1-0"]
[WhiteElo "2546"]
[BlackElo "2155"]

1.e4 c5 2.Nf3 e6 3.d4 cxd4 4.Nxd4 a6 5.Nc3 Qc7 6.g3 Nf6 7.Bg2 d6 8.O-O e5
9.Nf5 Be6 10.g4 h6 11.h3 Nbd7 12.a4 Nc5 13.Be3 h5 14.g5 Nfxe4 15.Nxe4 Bxf5
16.Nxc5 dxc5 17.Qf3 Bc8 18.Rfe1 Bd7 19.Bf4 f6 20.gxf6 gxf6 21.Bxe5 fxe5 22.Qf6 Rh7
23.Rxe5+ Be7 24.Rae1 Bc6 25.Qg6+ Rf7 26.Bxc6+ bxc6 27.Rxe7+ Qxe7 28.Qxc6+  1-0

[Event "Karen Asrian Memorial"]
[Site "Jermuk ARM"]
[Date "2010.10.09"]
[Round "5"]
[White "Ter Sahakyan,S"]
[Black "Simonian,H"]
[Result "1/2-1/2"]
[WhiteElo "2516"]
[BlackElo "2473"]

1.e4 c5 2.Nf3 e6 3.d4 cxd4 4.Nxd4 a6 5.Nc3 b5 6.Bd3 Qb6 7.Nb3 Qc7 8.O-O Bb7
9.Qe2 Be7 10.f4 b4 11.Nd1 Nf6 12.c4 d6 13.Nf2 Nc6 14.Be3 Nd7 15.Rad1 a5 16.Nd4 Nxd4
17.Bxd4 e5 18.Be3 exf4 19.Bxf4 Ne5 20.Ng4 O-O 21.Ne3 Bf6 22.Bb1 g6 23.b3 Bg7
24.Nd5 Bxd5 25.Rxd5 Rfe8 26.Rfd1 Re6 27.h3 Rae8 28.Qe3 Bf8 29.Qd2 Qa7+ 30.Kh1 Qc7
31.Bc2 h5 32.a3 Rb8 33.axb4 axb4 34.Rb5 Rxb5 35.cxb5 Qc5 36.Qe2 Nd7 37.Be3 Qc7
38.Rd4 Qa5 39.Qc4 Re5 40.Qxb4 Qxb5 41.Qxb5 Rxb5 42.b4 Rb7 43.Ba4 Ra7 44.Bxd7 Rxd7
45.b5 Rb7 46.Rd5 Be7 47.Kg1 f6 48.Kf2 Kf7 49.Ke2 Ke6 50.Kd3 f5 51.b6 Bd8
52.Rb5 f4 53.Bf2 Kd7 54.h4 Kc6 55.Kc4 Re7 56.Bd4 Rf7 57.Bf2 Re7 58.Bd4  1/2-1/2

[Event "I Memorial Oliver Gonzalez"]
[Site "Madrid ESP"]
[Date "2010.10.09"]
[Round "1"]
[White "Tolosana Esteban,E"]
[Black "Vazquez Torres,A"]
[Result "0-1"]
[WhiteElo "1772"]
[BlackElo "2160"]

1.e4 c5 2.Nf3 e6 3.d4 cxd4 4.Nxd4 a6 5.Nc3 Qc7 6.g3 Nf6 7.Bg2 Nc6 8.Be3 Bb4
9.Ne2 Ng4 10.Bf4 Qb6 11.O-O Bc5 12.Nd4 Nxf2 13.Rxf2 Bxd4 14.Qf3 Qxb2 15.Bc1 Bxf2+
16.Kxf2 Qxa1 17.Qe3 Ne5 18.h3 Nd3+ 19.Qxd3 Qxc1 20.e5 Qa3 21.Qd4 O-O 22.g4 f6
23.exf6 Rxf6+ 24.Kg1 Qc1+  0-1

[Event "Tatry Open"]
[Site "Tatranske Zruby CZE"]
[Date "2010.10.09"]
[Round "9"]
[White "Docekal,J"]
[Black "Slovak,Pa"]
[Result "1-0"]
[WhiteElo "2263"]
[BlackElo "2060"]

1.e4 c5 2.Nf3 e6 3.d4 cxd4 4.Nxd4 a6 5.Nc3 Qc7 6.Be2 Nf6 7.O-O Be7 8.f4 d6
9.Bf3 O-O 10.Be3 Nc6 11.Qd2 Nd7 12.Rad1 Rb8 13.Qf2 b5 14.Kh1 Bb7 15.Nce2 Nc5
16.e5 dxe5 17.Nxc6 Bxc6 18.Bxc5 Bxf3 19.Bxe7 Bxe2 20.Bd6 Qxc2 21.Rde1 Bd3
22.Qxc2 Bxc2 23.fxe5 Rfc8 24.Bxb8 Rxb8 25.Rc1 Bg6 26.Rc7 h5 27.Rd1 b4 28.Rc5 Be4
29.Rd7 a5 30.Rdc7 Kh7 31.Rd7 a4 32.Kg1 Bb1 33.Ra5 Bxa2 34.Rxa4 Bb3 35.Raa7 Rc8
36.Rac7 Rxc7 37.Rxc7 Bd5 38.Rxf7 Kg6 39.Rf4 b3 40.h4 Ba8 41.g3 Bd5 42.Kf2 Bb7
43.Ke3 Bd5 44.Kd4 Bb7 45.Kc5 Bd5 46.Kd6 Kh6 47.Rd4  1-0

[Event "Continental Class Ch"]
[Site "Arlington USA"]
[Date "2010.10.10"]
[Round "6"]
[White "Zapata,Alo"]
[Black "Williams,Justus D"]
[Result "1-0"]
[WhiteElo "2488"]
[BlackElo "2155"]

1.e4 c5 2.Nf3 e6 3.d4 cxd4 4.Nxd4 a6 5.Nc3 Qc7 6.g3 Bb4 7.Ne2 Nc6 8.Bg2 Nf6
9.O-O Be7 10.Nf4 d6 11.Nd3 Bd7 12.f4 h5 13.h3 Nd4 14.Be3 Nb5 15.Ne2 d5 16.e5 Ng8
17.f5 Nh6 18.fxe6 fxe6 19.Nef4 Nf5 20.Bf2 Rh6 21.Nxh5 O-O-O 22.g4 Nh4 23.Bxh4 Bxh4
24.Nxg7 Bc6 25.Nh5 Qh7 26.Ndf4 Qh8 27.a4 Nc7 28.Qd4 Rg8 29.b4 Rg5 30.b5 axb5
31.axb5 Bxb5 32.Qc5 Bc6 33.Nxe6 Qxe5 34.Rf8+ Kd7 35.Rf7+ Kc8 36.Ra8+  1-0

[Event "I Memorial Oliver Gonzalez"]
[Site "Madrid ESP"]
[Date "2010.10.10"]
[Round "2"]
[White "Perez de Aranda A.,LI"]
[Black "Vila Gazquez,X"]
[Result "1/2-1/2"]
[WhiteElo "2148"]
[BlackElo "2478"]

1.e4 c5 2.Nf3 e6 3.d4 cxd4 4.Nxd4 a6 5.Nc3 b5 6.Bd3 Bb7 7.O-O Ne7 8.Kh1 Nbc6
9.Nb3 Ne5 10.Be2 Rc8 11.Bg5 Nc4 12.Bxc4 Rxc4 13.Qd3 h6 14.Bd2 Qc7 15.Nd4 b4
16.Ndb5 axb5 17.Nxb5 Qc6 18.Qxc4 Nc8 19.Qxc6 Bxc6 20.Nd4 Bxe4 21.Rfe1 Bb7
22.c3 bxc3 23.Bxc3 Nb6 24.a4 Nd5 25.a5 Ba6 26.Red1 f6 27.Be1 Kf7 28.Rab1 Bc5
29.b4 Bxd4 30.b5 Bxb5 31.Rxb5 Be5 32.Rb7 Ke7 33.a6 Ra8 34.a7 Bd6 35.f3 Bc5
36.Ra1 f5 37.Ra5 Be3 38.g4 f4 39.h4 g6 40.Ra6 h5 41.gxh5 gxh5 42.Ba5 Bd4
43.Bd8+ Rxd8 44.a8=Q Rxa8 45.Rxa8 Bf2 46.Rh8 Nf6 47.Rb4 e5 48.Rb5 Ke6 49.Ra5 Bxh4
50.Ra6+ Kf5 51.Rf8 d5 52.Kg2 e4 53.Ra5 Ke5 54.Rf7 e3 55.Kf1 Ke6 56.Rb7 Bg5
57.Rg7 Kf5 58.Ke2 h4 59.Ra1 Nh5 60.Rh7 Ng3+ 61.Kd3 Bf6 62.Ra2 e2 63.Rxe2 Nxe2
64.Kxe2 Kg6 65.Rd7 h3 66.Kf1 d4 67.Rd5 Kf7 68.Rh5 Kg6 69.Rxh3 d3 70.Ke1 Bc3+
71.Kd1 Kg5 72.Rh7 d2 73.Re7 Bb4 74.Re4 Bd6 75.Kxd2 Kf5 76.Kd3 Ba3 77.Ra4 Bc1
78.Ra5+ Kf6 79.Ke4 Bd2 80.Rf5+ Ke6 81.Rh5 Kf6 82.Rh2 Be3 83.Rc2 Ke6 84.Rc6+ Ke7
85.Kf5 Kf7 86.Rc7+ Kf8 87.Kf6 Bd4+ 88.Ke6 Be3 89.Rf7+ Ke8 90.Rf5 Bd2 91.Rd5 Be3
92.Rd3 Kf8 93.Kf6 Ke8 94.Rb3 Bd4+ 95.Ke6 Kf8 96.Rb4 Be3 97.Kf6 Ke8 98.Rb8+ Kd7
99.Rg8 Bd4+ 100.Kf7 Be3 101.Rg6 Bd4 102.Ra6 Be3 103.Kf6  1/2-1/2

[Event "I Memorial Oliver Gonzalez"]
[Site "Madrid ESP"]
[Date "2010.10.10"]
[Round "2"]
[White "Sierra Soria,M"]
[Black "Paunovic,D"]
[Result "0-1"]
[WhiteElo "1743"]
[BlackElo "2559"]

1.e4 c5 2.Nf3 a6 3.Nc3 e6 4.d4 cxd4 5.Nxd4 Qc7 6.Bd3 Nf6 7.O-O Nc6 8.Be3 Nxd4
9.Bxd4 Bc5 10.Bxc5 Qxc5 11.Kh1 O-O 12.f4 d6 13.Qf3 e5 14.Nd5 Nxd5 15.exd5 f5
16.fxe5 dxe5 17.Qe2 e4 18.Bc4 Bd7 19.Bb3 Rae8 20.c4 f4 21.Qd2 f3 22.Rae1 e3
23.Qc2 Bf5 24.Qc3 Be4 25.Kg1 f2+  0-1

[Event "4NCL Individual Rapid"]
[Site "Newport Pagnell ENG"]
[Date "2010.10.10"]
[Round "6"]
[White "Franklin,S"]
[Black "Pritchett,C"]
[Result "0-1"]
[WhiteElo "2203"]
[BlackElo "2314"]

1.e4 c5 2.Nf3 e6 3.d4 cxd4 4.Nxd4 a6 5.Nc3 b5 6.Bd3 Bb7 7.O-O Nc6 8.Nxc6 Bxc6
9.Qf3 Ne7 10.Be3 b4 11.Ne2 Ng6 12.Nd4 Bb7 13.Qg3 Qb8 14.f4 Bc5 15.Qf2 O-O
16.Kh1 e5 17.fxe5 Qxe5 18.Nf5 Bxe3 19.Qxe3 d5 20.exd5 Qxd5 21.Qf2 Rae8 22.Rae1 Rxe1
23.Rxe1 Qxa2 24.Nd6 Bd5 25.b3 Bxb3 26.Rf1 Be6 27.Be4 b3 28.cxb3 Qxf2 29.Rxf2 Rd8
30.Rd2 Bxb3 31.h3 a5 32.Rb2 a4 33.Nb7 Rd4 34.Nc5 Nf8 35.Bc6 Rc4 36.Nxb3 Rxc6
37.Nd4 Ra6 38.Ra2 Ne6 39.Nb5 Kf8 40.Nc3 Nc5 41.Nd5 Rd6 42.Nc3 Rd4 43.Kg1 Rc4
44.Nd5 Rd4 45.Nc3 Ke7 46.Kf1 Rc4 47.Nd5+ Kd6 48.Nb6 Rb4 49.Rd2+ Kc6 50.Nd5 Rb1+
51.Ke2 a3 52.Nc3 Rb2 53.Rxb2 axb2 54.Kd2 Kd6 55.Kc2 Ke5 56.Kxb2 Nd3+ 57.Kb3 Nf4  0-1

[Event "Karen Asrian Memorial"]
[Site "Jermuk ARM"]
[Date "2010.10.11"]
[Round "7"]
[White "Shanava,K"]
[Black "Simonian,H"]
[Result "1-0"]
[WhiteElo "2566"]
[BlackElo "2473"]

1.e4 c5 2.Nf3 e6 3.d4 cxd4 4.Nxd4 a6 5.Nc3 b5 6.Bd3 Qb6 7.Nb3 Qc7 8.O-O Bb7
9.Be3 Nf6 10.f4 Be7 11.e5 Nd5 12.Nxd5 Bxd5 13.a4 b4 14.Qe2 O-O 15.Kh1 f5
16.exf6 gxf6 17.Bxh7+ Kxh7 18.Qh5+ Kg8 19.Qg6+ Kh8 20.Rf3 Bxf3 21.gxf3 Bc5
22.Qh5+  1-0

[Event "Karen Asrian Memorial"]
[Site "Jermuk ARM"]
[Date "2010.10.13"]
[Round "9"]
[White "Matinian,N"]
[Black "Simonian,H"]
[Result "1/2-1/2"]
[WhiteElo "2354"]
[BlackElo "2473"]

1.e4 c5 2.Nf3 e6 3.d4 cxd4 4.Nxd4 a6 5.Nc3 b5 6.Bd3 Qb6 7.Nf3 Nc6 8.O-O d6
9.a4 b4 10.a5 Qc7 11.Na4 Nxa5 12.Be3 Rb8 13.Qe2 Nf6 14.Nb6 Rxb6 15.Rxa5 Rb8
16.Rfa1 Be7 17.Bxa6 O-O 18.Bd3 Bb7 19.Nd2 Ra8 20.Rxa8 Rxa8 21.Rxa8+ Bxa8
22.h3 Qa5 23.Qe1 Qa2 24.b3 d5 25.Bd4 dxe4 26.Nxe4 Nxe4  1/2-1/2

[Event "Lichtenrader Herbst"]
[Site "Berlin GER"]
[Date "2010.10.18"]
[Round "3"]
[White "Hahlbohm,M"]
[Black "Neelotpal,D"]
[Result "0-1"]
[WhiteElo "2095"]
[BlackElo "2454"]

1.e4 c5 2.Nf3 e6 3.d4 cxd4 4.Nxd4 a6 5.Nc3 Qc7 6.Bd3 Nf6 7.O-O b5 8.a3 Bb7
9.Qe2 d6 10.Bg5 Be7 11.Bh4 Qb6 12.Nb3 Nbd7 13.Bg3 h5 14.h3 g5 15.Kh1 h4 16.Bh2 Nh5
17.Rad1 Ne5 18.a4 bxa4 19.Nxa4 Qb4 20.Nc3 g4 21.Bxe5 dxe5 22.Qxg4 Nf4 23.Ne2 Nxd3
24.Rxd3 Qxe4 25.Qxe4 Bxe4 26.Rc3 O-O 27.Nc5 Bf5 28.Ra1 a5 29.Nd7 Rfd8 30.Nxe5 Rd2
31.Nc6 Bf6 32.Re3 a4 33.c3 Rxb2 34.Ncd4 Rb1+ 35.Rxb1 Bxb1 36.Nc1 a3 37.Ncb3 a2
38.Na1 Rd8 39.Ndb3 Rd1+ 40.Kh2 Bd3  0-1

[Event "32nd Open"]
[Site "Arco ITA"]
[Date "2010.10.20"]
[Round "5"]
[White "Molnar,Be"]
[Black "Teodonio,F"]
[Result "1-0"]
[WhiteElo "2330"]
[BlackElo "2002"]

1.e4 c5 2.Nf3 e6 3.d4 cxd4 4.Nxd4 a6 5.Nc3 Bc5 6.Be3 Qb6 7.Na4 Qa5+ 8.c3 Ba7
9.b4 Qe5 10.Bd3 b5 11.f4 Qc7 12.Bxb5 Nc6 13.Bxc6 dxc6 14.Qf3 Ne7 15.Nb3 Bxe3
16.Qxe3 O-O 17.O-O Bb7 18.Qb6 Qxb6+ 19.Nxb6 Rad8  1-0

[Event "32nd Open"]
[Site "Arco ITA"]
[Date "2010.10.20"]
[Round "5"]
[White "Luciani,C"]
[Black "Kierzek,Mi"]
[Result "1/2-1/2"]
[WhiteElo "2230"]
[BlackElo "2053"]

1.e4 c5 2.Nf3 e6 3.d4 cxd4 4.Nxd4 a6 5.Nc3 Qc7 6.g3 Nc6 7.Bg2 Nf6 8.Nb3 d6
9.O-O b5 10.a3 Bb7 11.f4 Qb6+ 12.Rf2 h5 13.h3 Be7 14.Qf3 Rb8 15.Be3 Qc7 16.g4 hxg4
17.hxg4 Na5 18.Nxa5 Qxa5 19.g5 Nd7 20.Bd2 Qc7 21.Re1 Nb6 22.f5 Qd7 23.Bh3 e5
24.Rh2 f6 25.Bf1 Rxh2 26.Kxh2 Kd8 27.Be3 Nc4 28.Bxc4 bxc4 29.Qe2 Qc7 30.Kg3 Kd7
31.Qh5 Qd8 32.Qf7 Qg8 33.Qxg8 Rxg8 34.g6 Rh8 35.Rd1 Kc8 36.Nd5 Bd8 37.b3 cxb3
38.cxb3 Kb8 39.a4 Ba5 40.Bc1 Bxd5 41.Rxd5 Bb4 42.Rd1 Kc7 43.Be3 Kc6 44.Rc1+ Kb7
45.Rc2 Be1+ 46.Kg2 Rh4 47.Re2 Bb4 48.Bf2 Rh8 49.Rc2 Rd8 50.Kf3 Rh8 51.Kg2 Rd8
52.Kf3 Rh8 53.Kg2  1/2-1/2

[Event "15th European Club Cup Women"]
[Site "Plovdiv BUL"]
[Date "2010.10.21"]
[Round "5"]
[White "Muzychuk,A"]
[Black "Chelushkina,I"]
[Result "1-0"]
[WhiteElo "2535"]
[BlackElo "2325"]

1.e4 c5 2.Nc3 e6 3.Nf3 a6 4.d4 cxd4 5.Nxd4 Qc7 6.Be2 Bb4 7.O-O Nf6 8.Qd3 Nc6
9.Nxc6 bxc6 10.f4 d5 11.e5 Nd7 12.Na4 Be7 13.c4 O-O 14.Be3 Qa5 15.b3 Nc5
16.Nxc5 Bxc5 17.Rfc1 Rb8 18.cxd5 Bxe3+ 19.Qxe3 cxd5 20.a3 d4 21.Qd3 Qb6 22.b4 Bb7
23.Rc5 Rbd8 24.Rac1 Rd7 25.Qc2 Qd8 26.Bd3 Qh4 27.Qf2 Qe7 28.h3 f5 29.exf6 gxf6
30.Re1 Qd6 31.Bc4 Re8 32.f5 Rg7 33.Rxe6 Rxe6 34.fxe6 Qe7 35.Rc7  1-0

[Event "WY Boys-U14"]
[Site "Porto Carras GRE"]
[Date "2010.10.21"]
[Round "2.6"]
[White "Aripov,I"]
[Black "Laurusas,T"]
[Result "0-1"]
[WhiteElo "2093"]
[BlackElo "2291"]

1.e4 c5 2.Nc3 e6 3.Nf3 a6 4.d4 cxd4 5.Nxd4 Qc7 6.g3 Nf6 7.Bg2 Bb4 8.Bd2 Nc6
9.Nb3 Be7 10.O-O d6 11.a4 Bd7 12.f4 h5 13.Qe2 Nb4 14.a5 Bc6 15.Nd4 d5 16.exd5 Bxd5
17.Nxd5 Nbxd5 18.c4 Nb4 19.Ra4 Rd8 20.Bxb4 Rxd4 21.Qe5 Rxc4 22.Bxe7 Kxe7
23.Rxc4 Qxc4 24.Rd1 Rd8 25.Rxd8 Qc1+ 26.Bf1 Kxd8 27.Qb8+ Qc8 28.Qd6+ Nd7
29.b4 Qc1 30.Qd4 g6 31.h3 Ke7 32.Qe4 Qc7 33.Bg2 b6 34.axb6 Qxb6+ 35.Kh2 Qf2
36.Qc4 h4 37.g4 Qg3+ 38.Kh1 Qe1+ 39.Kh2 Qd2 40.Kh1 Qe1+ 41.Kh2 a5 42.bxa5 Qxa5
43.Qe4 Qc3 44.Kg1 Nc5 45.Qe2 Qg3 46.Qd2 Nd3 47.f5 Nf4 48.Qb4+ Kf6 49.Qd4+ e5
50.Qd6+ Kg5 51.Qd8+ f6 52.Qd2 gxf5 53.gxf5 Qxg2+ 54.Qxg2+ Nxg2 55.Kxg2 Kxf5  0-1

[Event "15th European Club Cup Women"]
[Site "Plovdiv BUL"]
[Date "2010.10.22"]
[Round "6"]
[White "Sirkova,D"]
[Black "Tsifanskaya,L"]
[Result "1/2-1/2"]
[WhiteElo "2094"]
[BlackElo "2143"]

1.e4 c5 2.Nc3 e6 3.Nf3 a6 4.d4 cxd4 5.Nxd4 b5 6.Bd3 Qb6 7.Nb3 Nc6 8.O-O Qc7
9.Re1 d6 10.Bf4 Nf6 11.Bxb5 axb5 12.Nxb5 Qd8 13.Nxd6+ Bxd6 14.Bxd6 Ne7 15.e5 Nd7
16.c4 Bb7 17.Nd4 O-O 18.c5 Nxc5 19.Bxc5 Qd5 20.Qf3 Qxc5 21.Qxb7 Qxd4 22.Qxe7 Qxb2
23.a4 Ra5 24.Qc7 Qb4 25.Reb1 Rxa4  1/2-1/2

[Event "Liberec Open"]
[Site "Liberec CZE"]
[Date "2010.10.23"]
[Round "1"]
[White "Krtous,Z1"]
[Black "Silauskas,Kestutis"]
[Result "1-0"]
[WhiteElo "1997"]
[BlackElo "1604"]

1.e4 c5 2.Nf3 e6 3.d4 cxd4 4.Nxd4 a6 5.Nc3 Qc7 6.Be3 Nf6 7.Bd3 b5 8.O-O Bb7
9.Re1 b4 10.Nd5 Nxd5 11.exd5 Bxd5 12.Qg4 g6 13.f4 h5 14.Qe2 Bd6 15.Qf2 Nc6
16.Nxc6 Qxc6 17.Bd4 Rg8 18.c3 bxc3 19.Rac1 Qa4 20.b3 Qa5 21.Bxc3 Bb4 22.Bxb4 Qxb4
23.Rc5 Ke7 24.Rxd5 Rgc8 25.Rd4 Qc3 26.Bc4 Rc6 27.Qd2 Qxd2 28.Rxd2 a5 29.Kf2 a4
30.Bb5  1-0

[Event "WY Boys-U14"]
[Site "Porto Carras GRE"]
[Date "2010.10.23"]
[Round "4.15"]
[White "Ivekovic,Bo2"]
[Black "Amstadt,A"]
[Result "1-0"]
[WhiteElo "2089"]
[BlackElo "2262"]

1.e4 c5 2.Nf3 e6 3.d4 cxd4 4.Nxd4 a6 5.Nc3 Qc7 6.Be2 Nf6 7.O-O Nc6 8.a4 d6
9.Kh1 Be7 10.Be3 Bd7 11.Nb3 Na5 12.f4 Nxb3 13.cxb3 Bc6 14.Bf3 Qa5 15.Qe1 Qb4
16.e5 dxe5 17.fxe5 Nd7 18.Bxc6 bxc6 19.Qg3 g6 20.Rad1 Rd8 21.Bh6 Bf8 22.Bg5 Be7
23.Qf2 O-O 24.Rd4 Qxd4 25.Qxd4 Bxg5 26.Ne4 Nf6 27.Nxf6+ Bxf6 28.Qe4 Bg7 29.Qxc6 Bxe5
30.Qxa6 Bxb2 31.Qb7 e5 32.a5 f5 33.a6 e4 34.g3 Rfe8 35.Re1 e3 36.Re2 Bc3
37.a7 Bd2 38.b4 g5 39.b5 Kh8 40.Qf3 Rf8 41.b6 f4 42.b7 g4 43.Qxg4  1-0

[Event "WY Girls-U10"]
[Site "Porto Carras GRE"]
[Date "2010.10.24"]
[Round "5.3"]
[White "Nominerdene,Davaademberel"]
[Black "Abdumalik,Z"]
[Result "1/2-1/2"]
[WhiteElo "1755"]
[BlackElo "1870"]

1.e4 c5 2.Nf3 e6 3.d4 cxd4 4.Nxd4 a6 5.Nc3 Qc7 6.a3 Nf6 7.Be2 d6 8.O-O Nbd7
9.f4 b5 10.Bf3 Bb7 11.Qe1 Be7 12.Kh1 Nb6 13.Qg3 g6 14.Qf2 d5 15.e5 Nfd7 16.Nb3 Nc4
17.Ne2 Rc8 18.Ned4 Qb8 19.c3 Ba8 20.Be2 Rc7 21.Bd3 Qb6 22.Be3 Qb8 23.Qe2 Ndb6
24.Bf2 Na4 25.Rab1 Bb7 26.Be1 Bc8 27.Bf2 Bd7 28.Rfe1 Rc8 29.Nc1 Nc5 30.Bc2 a5
31.Ncb3 Na4 32.Bd3 Nab6 33.Nf3 a4 34.Nbd2 Na8 35.Bd4 Nc7 36.Bc2 Na5 37.Qf2 Nc6
38.Be3 Na6 39.Bd3 Nd8 40.Qe2 Qb7 41.Nd4 Rb8 42.Bc2 Nc5 43.N4f3 Na6 44.Nd4 Qc8
45.Bd3 Nc7 46.Rbc1 Kf8 47.Rf1 Qb7 48.Bc2 Kg7 49.Rf3 Ne8 50.Rff1 Kf8 51.Bd3 Ng7
52.Qd1 Qc7 53.Qe2 Qb7 54.Qd1 h5 55.Be2 Qa6 56.Qe1 Nb7 57.Qf2 Na5 58.N2f3 Nb7
59.Nd2 Rc8 60.Qe1 Nc5 61.Rd1 Nb7 62.Bf3 Na5 63.Rb1 Nc6 64.Be2 Nxd4 65.cxd4 Nf5
66.Bf2 Bd8 67.Bd3 Ne7 68.Qe2 Rb8 69.Bh4 Bb6 70.Bf6 Rg8 71.Bxe7+ Kxe7 72.Nf3 Qa7
73.Qf2 Rbc8 74.Rbc1 Rc7 75.Qh4+ Ke8 76.Qf2 Ke7 77.Qh4+ Ke8 78.Qf2 Qb8 79.Qe2  1/2-1/2

[Event "WY Boys-U14"]
[Site "Porto Carras GRE"]
[Date "2010.10.24"]
[Round "6.6"]
[White "Georgiadis,N"]
[Black "Meng,R"]
[Result "1/2-1/2"]
[WhiteElo "2262"]
[BlackElo "2085"]

1.e4 c5 2.Nf3 e6 3.d4 cxd4 4.Nxd4 a6 5.Nc3 Qc7 6.Bd3 Nf6 7.Be3 b5 8.O-O Bb7
9.f3 b4 10.Nce2 d5 11.e5 Qxe5 12.Bf4 Qh5 13.Qe1 g5 14.Be5 Nbd7 15.Ng3 Qh6
16.Ngf5 Qg6 17.Bc7 Qg8 18.Nd6+ Bxd6 19.Bxd6 a5 20.c3 Kd8 21.cxb4 Ne8 22.Nf5 Nxd6
23.Nxd6 Rb8 24.b5 Ke7 25.Nxb7 Rxb7 26.Qxa5 Qb8 27.Rfc1 h5 28.Qb4+ Qd6 29.Qxd6+ Kxd6
30.Rc6+ Ke7 31.a4 Ne5 32.Rc3 Ra8 33.Bf1 d4 34.Rb3 Ra5 35.Rba3 d3 36.b3 Ra8
37.Kf2 Kd6 38.Ke3 Kc5 39.Ke4 f6 40.g3 Rd8 41.Rd1 Kb4 42.Raa1 Rbd7 43.b6 Ka5
44.h3 Kxb6 45.f4 Rd4+ 46.Ke3 gxf4+ 47.gxf4 Ng6 48.a5+ Ka7 49.Rxd3 Rxd3+ 50.Bxd3 Nxf4
51.Be4 Nxh3 52.b4 Ng5  1/2-1/2

[Event "WY Boys-U14"]
[Site "Porto Carras GRE"]
[Date "2010.10.27"]
[Round "8.4"]
[White "Berbatov,K"]
[Black "Meng,R"]
[Result "1-0"]
[WhiteElo "2461"]
[BlackElo "2085"]

1.e4 c5 2.Nf3 e6 3.d4 cxd4 4.Nxd4 a6 5.Nc3 Qc7 6.Bd3 g6 7.O-O Bg7 8.Be3 Nf6
9.a4 O-O 10.a5 d6 11.Nb3 Nbd7 12.Be2 b5 13.axb6 Nxb6 14.Na5 Rb8 15.Qd2 Rd8
16.Rfd1 Rd7 17.Bf4 Ne8 18.Qe3 Na8 19.Nc4 Nb6 20.Na5 Na8 21.Nc4 Nb6 22.b3 Nxc4
23.Bxc4 Bb7 24.f3 Rc8 25.Ra2 Qd8 26.Na4 Rc6 27.Bg3 Nf6 28.Bd3 Nh5 29.Bf2 d5
30.e5 d4 31.Qe1 Rd5 32.Be4 Rxe5 33.Qb4 Rb5 34.Rxd4 Bxd4 35.Qxd4 Rd6 36.Qe3 Bxe4
37.fxe4 Rd1+ 38.Be1 Qg5 39.Qxg5 Rxg5 40.Kf2 Nf6 41.Nc3 Rd6 42.Kf3 Nd7 43.Bg3 Rc6
44.Ne2 Rgc5 45.c4 Rb6 46.Nc1 Rcc6 47.Bf2 Rb7 48.Ra5 f6 49.Ke2 Kf7 50.Kd2 Ke7
51.Bd4 Nb8 52.Kc3 Rb5 53.Ra2 Nd7 54.Nd3 a5 55.h4 e5 56.Be3 f5 57.Kc2 Nf6
58.exf5 gxf5 59.Bd2 e4 60.Nf4 Rb7 61.Rxa5 Nd7 62.Rxf5 Ra6 63.Kb2 Rba7 64.Bb4+ Ke8
65.Kc3 Ra1 66.Nd5 Rg1 67.Rf2 Ne5 68.Re2 Nc6 69.Bc5 Rc1+ 70.Kb2 Raa1 71.Rxe4+ Kf7
72.Nc3 Kf6 73.b4 Kf5 74.g4+ Kf6 75.b5 Nb8 76.Bd4+ Kf7 77.c5 Nd7 78.c6 Nf8
79.c7 Ra8 80.Kxc1 Ne6 81.b6 h5 82.Rxe6 hxg4 83.b7 Ra1+ 84.Kb2 g3 85.c8=Q Ra2+
86.Kxa2  1-0

[Event "20th World Seniors"]
[Site "Arco ITA"]
[Date "2010.10.28"]
[Round "3"]
[White "Tseshkovsky,V"]
[Black "Pritchett,C"]
[Result "1-0"]
[WhiteElo "2564"]
[BlackElo "2314"]

1.e4 c5 2.Nf3 e6 3.Nc3 a6 4.d4 cxd4 5.Nxd4 b5 6.Bd3 Bb7 7.O-O Nc6 8.Nxc6 Bxc6
9.Qe2 Bc5 10.Be3 Bxe3 11.Qxe3 Ne7 12.a4 b4 13.Ne2 O-O 14.Rfd1 Qa5 15.Nd4 Bb7
16.Nb3 Qe5 17.Qc5 Nc6 18.Bf1 Rad8 19.Qxe5 Nxe5 20.Nc5 Bc6 21.Nxa6 f5 22.exf5 Rxf5
23.Nxb4 Ba8 24.Nd3 Nf3+ 25.gxf3 Rg5+ 26.Bg2 Bxf3 27.Ne1  1-0